000 00763nam a2200277Ia 4500
003 OSt
005 20221006153442.0
006 a|||||r|||| 00| 0
007 ta
008 221006b |||||||| |||| 00| 0 chi d
020 _a9789574554799
024 _a32,365
037 _bGift, Republic of China
_cTextual
040 _aEASL
_cEASL
_bchi
041 _2chi
_achi
082 _aQ:25, P3
100 _aHong Tou Au.
_9664035
245 0 _aDa wu zu
_b Shen hua xing fo shuo
260 _aChina
_bMorningstar Publishing
_c2003
300 _a364p.
_ccm.
490 _v CL
650 _a CL
_9642733
650 _aMythology-Saying
_9664036
942 _hQ:25, P3
_cTEXL
_2CC
999 _c1100451
_d1100451